[Event "ESP-ch U12"]
[Site "Salobrena"]
[Date "2020.07.31"]
[Round "8"]
[White "Andres Iniguez, Iker"]
[Black "Teply Koutsky, David"]
[Result "0-1"]
[WhiteElo "1628"]
[BlackElo "1512"]
[PlyCount "194"]
[EventDate "2020.07.27"]
[EventType "swiss"]
[EventRounds "9"]
[EventCountry "ESP"]
[SourceTitle "EXT 2021"]
[Source "ChessBase"]
[SourceDate "2020.10.23"]
[SourceVersion "1"]
[SourceVersionDate "2020.10.23"]
[SourceQuality "1"]

1. d4 e6 2. Nf3 f5 3. c4 Nf6 4. Nc3 d5 5. Bf4 c6 6. e3 Bd6 7. Bd3 Bxf4 8. exf4 0-0 9. 0-0 Ne4 10. Ne5 Nd7 11. f3 Nxc3 12. bxc3 Rf6 13. Qe1 Nf8 14. g4 Nd7 15. g5 Rf8 16. Qg3 Nxe5 17. fxe5 b6 18. cxd5 Qxd5 19. Bc2 c5 20. Bb3 c4 21. Bc2 Bb7 22. h4 b5 23. Rad1 Rab8 24. Kh2 Bc6 25. Rf2 b4 26. cxb4 Rxb4 27. a3 Rb2 28. Rdd2 Rb6 29. Qf4 Rfb8 30. Qe3 Qa5 31. Kg3 Rf8 32. f4 Ba4 33. Bxa4 Qxa4 34. Kh2 Rb3 35. Qe2 c3 36. Rc2 Qxd4 37. Qa6 Qb6 38. Qc4 Rd8 39. Rg2 Rxa3 40. Rxc3 Rxc3 41. Qxc3 Qd4 42. Qc1 a5 43. Kh3 a4 44. Rg3 Qd1 45. Qxd1 Rxd1 46. Ra3 Rd4 47. Kg3 Kf7 48. Kf3 Re4 49. h5 Ke7 50. g6 h6 51. Rd3 Rb4 52. Ke3 Rb3 53. Rxb3 axb3 54. Kd3 Kd7 55. Kc3 Kc6 56. Kxb3 Kd5 57. Kb4 Ke4 58. Kc5 Kxf4 59. Kd6 Kg5 60. Kxe6 f4 61. Kd7 f3 62. e6 f2 63. e7 f1Q 64. e8Q Kxh5 65. Qe5+ Kxg6 66. Qg3+ Kh7 67. Ke7 Qf6+ 68. Kd7 g6 69. Kc8 h5 70. Kb7 g5 71. Ka8 Kh6 72. Qe3 h4 73. Qb6 Qg6 74. Qe3 Kh5 75. Qe2+ Kh6 76. Qg4 Qf6 77. Qg1 Qd8+ 78. Kb7 h3 79. Qg4 Qe7+ 80. Ka8 Qe3 81. Qb4 Kh5 82. Qb7 Qa3+ 83. Kb8 Qg3+ 84. Ka7 h2 85. Qh7+ Kg4 86. Qd7+ Kf3 87. Qd5+ Kf2 88. Qf5+ Kg2 89. Qd5+ Kh3 90. Qf5+ g4 91. Qf1+ Qg2 92. Qd3+ Qf3 93. Qh7+ Kg2 94. Kb8 h1Q 95. Qc2+ Kg3 96. Qb2 Qf4+ 97. Kc8 Qhc1+ 0-1

[Event "ESP-ch U12"]
[Site "Salobrena"]
[Date "2020.07.28"]
[Round "3"]
[White "Andres Iniguez, Iker"]
[Black "Perea Fruet, Lorenzo"]
[Result "1-0"]
[WhiteElo "1628"]
[BlackElo "1808"]
[PlyCount "87"]
[EventDate "2020.07.27"]
[EventType "swiss"]
[EventRounds "9"]
[EventCountry "ESP"]
[SourceTitle "EXT 2021"]
[Source "ChessBase"]
[SourceDate "2020.10.23"]
[SourceVersion "1"]
[SourceVersionDate "2020.10.23"]
[SourceQuality "1"]

1. d4 Nf6 2. c4 e6 3. Nc3 Bb4 4. Bd2 b6 5. Nf3 Bb7 6. e3 Bxc3 7. Bxc3 Ne4 8. Bb4 c5 9. Ba3 0-0 10. Bd3 f5 11. Qe2 Qc7 12. h3 Na6 13. Rg1 Rf6 14. Nd2 Nxd2 15. Kxd2 e5 16. d5 e4 17. Bc2 Nb4 18. b3 b5 19. Bb2 Nxc2 20. Kxc2 Rf7 21. g4 f4 22. g5 Raf8 23. g6 hxg6 24. Rxg6 fxe3 25. fxe3 bxc4 26. Rag1 cxb3+ 27. axb3 d6 28. Rxg7+ Rxg7 29. Rxg7+ Qxg7 30. Bxg7 Kxg7 31. Qg4+ Kh8 32. Qh4+ Kg7 33. Qxe4 Bc8 34. Qe7+ Rf7 35. Qxd6 Bf5+ 36. Kc3 Rf8 37. Qe7+ Kg8 38. h4 Bh7 39. Qxc5 Rf2 40. Qxa7 Rf3 41. d6 Rf7 42. d7 Bg6 43. d8Q+ Kh7 44. Qad4 1-0

[Event "ESP-ch U10"]
[Site "Salobrena Granada"]
[Date "2017.07.07"]
[Round "8"]
[White "Ano Pla, Gerard"]
[Black "Andres Iniguez, Iker"]
[Result "1-0"]
[WhiteElo "1732"]
[BlackElo "1709"]
[PlyCount "75"]
[EventDate "2017.07.03"]
[EventType "swiss"]
[EventRounds "9"]
[EventCountry "ESP"]
[SourceTitle "EXT 2024"]
[Source "ChessBase"]
[SourceDate "2023.10.10"]
[SourceVersion "1"]
[SourceVersionDate "2023.10.10"]
[SourceQuality "1"]

1. d4 d5 2. c4 e6 3. cxd5 exd5 4. Nc3 c6 5. Nf3 Bd6 6. Bg5 Qb6 7. Qd2 Bf5 8. e3 Nd7 9. Be2 Ngf6 10. a3 Qa5 11. 0-0 0-0 12. Bd3 Bxd3 13. Qxd3 Rfe8 14. b4 Qc7 15. Rac1 Rac8 16. Nb5 Qb8 17. Nxd6 Qxd6 18. Bf4 Qe7 19. Rfe1 Qe4 20. Qe2 Nh5 21. Bg3 Nxg3 22. hxg3 h6 23. Nd2 Qe6 24. Nb3 Nf6 25. Nc5 Qe7 26. Qc2 Ne4 27. Nxe4 Qxe4 28. Qxe4 dxe4 29. Rc5 Rcd8 30. Rec1 Rd6 31. a4 Rc8 32. b5 Kf8 33. d5 b6 34. Rxc6 Rcxc6 35. bxc6 Rd8 36. d6 Ke8 37. d7+ Ke7 38. c7 1-0

[Event "ESP-ch U10"]
[Site "Salobrena Granada"]
[Date "2017.07.05"]
[Round "5"]
[White "Andres Iniguez, Iker"]
[Black "Vergara Anton, Diego"]
[Result "0-1"]
[WhiteElo "1709"]
[BlackElo "1650"]
[PlyCount "110"]
[EventDate "2017.07.03"]
[EventType "swiss"]
[EventRounds "9"]
[EventCountry "ESP"]
[SourceTitle "EXT 2024"]
[Source "ChessBase"]
[SourceDate "2023.10.10"]
[SourceVersion "1"]
[SourceVersionDate "2023.10.10"]
[SourceQuality "1"]

1. d4 d5 2. e3 Nf6 3. Bd3 c5 4. c3 e6 5. Nd2 Be7 6. Ngf3 Nc6 7. 0-0 0-0 8. Re1 Qc7 9. e4 dxe4 10. Nxe4 cxd4 11. cxd4 Nb4 12. Nxf6+ Bxf6 13. Be4 Rd8 14. Be3 Nd5 15. Bg5 Bxg5 16. Nxg5 Nf6 17. Bf3 Qb6 18. Qb3 Qxb3 19. axb3 h6 20. Ne4 Rxd4 21. Rad1 Rxd1 22. Rxd1 Nd5 23. h3 Bd7 24. Nc3 Bc6 25. Nxd5 exd5 26. Bxd5 Rc8 27. Bxc6 Rxc6 28. Rd8+ Kh7 29. Rd7 Rb6 30. Rxf7 Rxb3 31. Rf3 Rxb2 32. Ra3 a6 33. Ra1 Kg6 34. Re1 a5 35. Ra1 b6 36. Kh2 Rxf2 37. Kg3 Rb2 38. Kf3 Kf5 39. Ra3 Rb4 40. g3 a4 41. Kf2 b5 42. Re3 Rb2+ 43. Ke1 b4 44. Kd1 a3 45. Kc1 b3 46. Rf3+ Ke4 47. Rf4+ Ke3 48. Rf8 Rc2+ 49. Kd1 a2 50. Ra8 Rb2 51. Re8+ Kf3 52. Rf8+ Kxg3 53. Ra8 Rb1+ 54. Kd2 a1Q 55. Rxa1 Rxa1 0-1